Second Letter Blitz Quiz Stats

Quiz Updated Oct 2, 2015

Challenge
Share
Tweet
Embed
Score 0/26 Timer 04:00
5 Plays Today
Category Answer % Correct
Month of the YearOctober
96.3%
OceanPacific
95.7%
ContinentAfrica
95.5%
Mathematical OperationAddition
92.3%
Playing Card SuitDiamond
90.8%
Written Number 1-10Two
88.7%
Zodiac SignAquarius
84.9%
Rubik's Cube ColorWhite
82.3%
Santa's ReindeerBlitzen
77.6%
Disney's Seven Dwarfs Grumpy
77.2%
Brontë SisterEmily
76.5%
US StateOklahoma
75.2%
Three-Letter Body PartToe
73%
Category Answer % Correct
Pixar MovieUp
71%
African CountryDjibouti
59.1%
ElementOxygen
58.7%
Shakespeare PlayOthello
54.3%
Marx BrotherZeppo
53.8%
Greek LetterPsi
50.5%
ApostleAndrew
40.3%
Arab League MemberEgypt
39.1%
Summer Olympics Host CitySydney
33.9%
Premier League TeamEverton
32.3%
Current NFL TeamBuccaneers
31.6%
Book of Old TestamentObadiah
24.6%
Warsaw Pact Member StateCzechoslovakia
24.3%

You're not logged in!

Compare scores with friends on all Sporcle quizzes.
Join for Free
OR
Log In

You Might Also Like...

Show Comments

Extras

Top Quizzes Today


Score Distribution

Your Account Isn't Verified!

In order to create a playlist on Sporcle, you need to verify the email address you used during registration. Go to your Sporcle Settings to finish the process.

Report this User

Report this user for behavior that violates our Community Guidelines.

Details: